| 000 | 00689nam a2200193Ia 4500 | ||
|---|---|---|---|
| 005 | 20251020182535.0 | ||
| 008 | 200515s9999 xx 000 0 und d | ||
| 082 | _a72.020/S23 | ||
| 100 | _aROSSBACH, Sarah YUN, Lin | ||
| 245 | 0 | _aFeng Shui y el arte del color | |
| 260 | _aBuenos Aires | ||
| 260 | _c1999 | ||
| 500 | _a1 ejemplar | ||
| 520 | _aBien aplicado, el color tiene el poder de restaurar o reavivar la energía, el equilibrio y el bienestar de la casa y de nuestra vida. Para el arte chino del feng shui, sistema de ubicación de las cosas en el espacio cuya simplicidad y buen criterio ecológ | ||
| 650 | _aCOLOR | ||
| 650 | _aFENG SHUI | ||
| 650 | _aLIB | ||
| 942 | _cLIB | ||
| 999 |
_c2211 _d2211 |
||